Normal view
MARC view
- SMITH, R. L , HERMAN, S. L
Entry Personal Name
001 - CONTROL NUMBER
- control field: 62325
003 - CONTROL NUMBER IDENTIFIER
- control field: NUST
005 - DATE AND TIME OF LATEST TRANSACTION
- control field: 20210628202925.0
008 - FIXED-LENGTH DATA ELEMENTS
- fixed length control field: 210628|| aca||aabn | a|a d
040 ## - CATALOGING SOURCE
- Original cataloging agency: NUST
- Transcribing agency: NUST
100 ## - HEADING--PERSONAL NAME
- Personal name: SMITH, R. L , HERMAN, S. L
670 ## - SOURCE DATA FOUND
- Source citation: Work cat.: (NUST): SMITH, R. L , HERMAN, S. L, ELECTRICAL WIRING , INDUSTRIAL, 1987
